LEADER 00987nam 2200361 450 001 9910586672803321 005 20221013185921.0 010 $a1-83969-182-4 035 $a(CKB)4950000000721798 035 $a(NjHacI)994950000000721798 035 $a(EXLCZ)994950000000721798 100 $a20221013d2021 uy 0 101 0 $aeng 135 $aur||||||||||| 181 $ctxt$2rdacontent 182 $cc$2rdamedia 183 $acr$2rdacarrier 200 00$aAdvances in Candida albicans /$fedited by Xinhui Wang 210 1$aLondon, England :$cIntechOpen,$d[2021] 210 4$dİ2021 215 $a1 online resource (122 pages) 225 0 $aInfectious diseases 311 $a1-83969-181-6 606 $aCandida albicans 615 0$aCandida albicans. 676 $a579.59 702 $aWang$b Xinhui 801 0$bNjHacI 801 1$bNjHacl 906 $aBOOK 912 $a9910586672803321 996 $aAdvances in Candida albicans$92823927 997 $aUNINA